Normal view MARC view
  • Padierna Jiménez, Pilar

Entry Nombre Personal

Number of records used in: 1

001 - NUMERO DE CONTROL

  • campo de control: 52625

003 - IDENTIFICADOR DE NUMERO DE CONTROL

  • campo de control: DLC

005 - FECHA Y HORA DE LA ÜLTIMA TRANSACCIÓN

  • campo de control: 20240702120612.0

008 - DATOS DE LONGITUD FIJA

  • campo de control de longitud fija: 100331n| azannaabn |a aaa c

010 ## - NÚMERO DE CONTROL DE LA BIBLIOTECA DEL CONGRESO

  • Número de control LC: no2010054085

035 ## - NUMERO DE CONTROL

  • Número de control: (OCoLC)oca08446770

040 ## - FUENTE DE CATALOGACIÓN

  • Agencia original de catalogación: ViFGM
  • Lenguaje de catalogación: spa
  • Description conventions: rda
  • Agencia de transcripción: ViFGM
  • Agencia que lo modifica: ICU
  • Agencia que lo modifica: MX-MxUPN

100 1# - ENCABEZAMIENTO - NOMBRE PERSONAL

  • Nombre personal: Padierna Jiménez, Pilar

400 1# - VEÁSE - NOMBRE DE PERSONA

  • Personal name: Padierna Jiménez, María del Pilar

400 1# - VEÁSE - NOMBRE DE PERSONA

  • Personal name: Padierna, Pilar

670 ## - FUENTE EN LA QUE SE LOCALIZARON DATOS

  • Cita de la fuente: Educación y comunicación, 2007:
  • Información localizada: portada (Pilar Padierna Jiménez) página 471 (Padierna Jiménez, María del Pilar. Licenciada en pedagogía ... candidata a doctora en pedagogía, Facultad de Filosofía y Letras, Universidad nacional Autónoma de México.)

670 ## - FUENTE EN LA QUE SE LOCALIZARON DATOS

  • Cita de la fuente: OCLC, Mar. 4, 2010
  • Información localizada: (hdg.: Padierna, Pilar; usage: Pilar Padierna)

670 ## - FUENTE EN LA QUE SE LOCALIZARON DATOS

  • Cita de la fuente: Lo político en las subjetivaciones : una década de investigaciones desde el análisis político de discurso, 2017:
  • Información localizada: portada (María del Pilar Padierna Jiménez)

902 ## - CATALOGADOR

  • Catalogador: Víctor Ruiz/020724